Jesse James was his name ; or, Fact and fiction concerning the careers of the notorious James brothers of Missouri /

Bibliographic Details
Main Author: Settle, William A.
Other Authors: Russell, Charles M. (Charles Marion), 1864-1926
Format: Book
Language:English
Published: Columbia : University of Missouri Press, [1966]
Subjects:

MARC

Tag First Indicator Second Indicator Subfields
LEADER 00000cam a2200000 4500
001 in00000358708
005 20151011063725.0
008 731003s1966 mouabc b 00010ceng
010 |a  65022965  
035 |a (OCoLC)00259299 
035 |9 ABN2976AM 
040 |a DLC  |c DLC  |d TXA  |d UtOrBLW 
049 |a TXAM [Also in] [Sp Coll]  |c 1 [482076]  |a TXAS  |c 2 [1097184] 
050 0 0 |a F594  |b .J2875 
082 0 |a 973.80922 
100 1 |a Settle, William A. 
245 1 0 |a Jesse James was his name ;  |b or, Fact and fiction concerning the careers of the notorious James brothers of Missouri /  |c by William A. Settle, Jr. 
264 1 |a Columbia :  |b University of Missouri Press,  |c [1966] 
300 |a 263 pages :  |b illustrations, maps, portraits ;  |c 25 cm. 
336 |a text  |b txt  |2 rdacontent 
337 |a unmediated  |b n  |2 rdamedia 
338 |a volume  |b nc  |2 rdacarrier 
504 |a Bibliography: pages 233-251. 
600 1 0 |a James, Jesse,  |d 1847-1882. 
600 1 0 |a James, Frank,  |d 1844-1915. 
700 1 |a Russell, Charles M.  |q (Charles Marion),  |d 1864-1926. 
740 0 |a Fact and fiction concerning the careers of the notorious James brothers of Missouri. 
999 |a MARS 
999 f f |s 99a1677b-cbfe-3618-90bc-d00bf727b031  |i 636ec7a7-cbb3-30a7-93e1-affc8d94a733  |t 0 
952 f f |p normal  |a Texas A&M University  |b College Station  |c Sterling C. Evans Library  |d Evans: Library Stacks  |t 0  |e F594 .J2875  |h Library of Congress classification  |i unmediated -- volume  |m A14802310270 
952 f f |p noncirc  |a Texas A&M University  |b College Station  |c Cushing Memorial Library & Archives  |d Cushing: Kelsey Illustrators (Does not check out)  |t 0  |e F594 .J2875  |h Library of Congress classification  |i unmediated -- volume  |m A14800342700 
998 f f |a F594 .J2875  |t 0  |l Evans: Library Stacks 
998 f f |a F594 .J2875  |t 0  |l Cushing: Kelsey Illustrators (Does not check out)